La paciencia del agua sobre cada piedra /
"Una mujer convive pacíficamente con un mono hasta que llega la noche y los límites se difuminan, el peligro acecha. Un grupo de perros hace su paseo cotidiano de la mano de su cuidadora. Mientras caminan conversan entre ellos: sobre las repeticiones, sobre la memoria, sobre la muerte. A partir...
Guardado en:
| Autor Principal: | |
|---|---|
| Formato: | Libro |
| Idioma: | Spanish |
| Publicado: |
Buenos Aires :
Eterna Cadencia,
2024.
|
| Materias: | |
| Etiquetas: |
Agregar Etiqueta
Sin Etiquetas, Sea el primero en etiquetar este registro!
|
| LEADER | 01311nam a2200193 a 4500 | ||
|---|---|---|---|
| 001 | EUN.eunm009583 | ||
| 008 | 250901s2024####ag#####g######000#j#spa#d | ||
| 005 | 20251113130003.0 | ||
| 245 | 1 | 3 | |a La paciencia del agua sobre cada piedra / |c Alejandra Kamiya. |
| 260 | |a Buenos Aires : |b Eterna Cadencia, |c 2024. | ||
| 300 | |a 127 p. ; |c 22 cm. | ||
| 520 | |a "Una mujer convive pacíficamente con un mono hasta que llega la noche y los límites se difuminan, el peligro acecha. Un grupo de perros hace su paseo cotidiano de la mano de su cuidadora. Mientras caminan conversan entre ellos: sobre las repeticiones, sobre la memoria, sobre la muerte. A partir de una misma tristeza compartida, dos músicos logran una armonía perfecta, como si el destino ineludible de un piano y un violín fuese esa única unión. Frente a la posibilidad de adoptar una mascota, una mujer duda, se siente vieja, pero recuerda en una suerte de catálogo entrañable a todos los perros que la acompañaron a lo largo de su vida. Quizás todavía sea posible un nuevo comienzo."--Tapa posterior. | ||
| 020 | |a 9789877122923 | ||
| 100 | 1 | |a Kamiya, Alejandra, |d 1966- | |
| 082 | 0 | 4 | |a A863.5 |2 21 |
| 650 | 7 | |a Literatura argentina |2 unbist | |
| 650 | 7 | |a Siglo XXI |2 unbist | |
| 655 | 4 | |a Cuento | |
| 859 | |a AR-BaUNS |b BIB. CENTRAL - Sector A |h A863.5 |i K129 |p 129029/025 | ||
